书目信息

书名: 当下的修行 要学会宽容
作者: 马银文 编著
出版信息: 北京   中国纺织出版社  2013.02
开本页数: 24cm  273页
丛书名:
单 册:
中图分类: B821
科图分类:
主题词: 人生哲学--ren sheng zhe xue--通俗读物
电子资源:
ISBN: 978-7-5064-9218-8
000 00847nam 2200253 450
001 CAL 010040103301
005 20121219135841.79
010    @a978-7-5064-9218-8@dCNY32.80
100    @a20121227d2013 em y0chiy0121 ea
101 @achi
102    @aCN@b110000
105    @ay a 000yy
106    @ar
200 @a当下的修行@Adang xia de xiu xing@i要学会宽容@f马银文编著
210    @a北京@c中国纺织出版社@d2013.02
215    @a273页@d24cm
320    @a有书目 (第273页)
330    @a本书从八个方面对宽容进行全面阐述, 全书精心挑选诸多案例, 既汇集了古今中外名人的智慧, 又延伸至普遍百姓的日常生活。
517 @a要学会宽容@Ayao xue hui kuan rong
606 @a人生哲学@Aren sheng zhe xue@j通俗读物
690    @aB821@v5
701  0 @a马银文@Ama yin wen@4编著
801  0 @aCN@bRENTIAN@c20121227
905    @aCKNYKJZYXY@b300490837-9@dB821@e280@f3
    
    当下的修行.要学会宽容/马银文编著.-北京:中国纺织出版社,2013.02
    273页;24cm
    
    
    ISBN 978-7-5064-9218-8:CNY32.80
    本书从八个方面对宽容进行全面阐述, 全书精心挑选诸多案例, 既汇集了古今中外名人的智慧, 又延伸至普遍百姓的日常生活。
相关链接 在五车中查询图书 在当当中查询图书 在豆瓣中查询图书


正题名:当下的修行     索取号:B821/280         预约/预借

序号 登录号 条形码 馆藏地/架位号 状态 备注
1 490837   300490837   柳城-5楼/29架2列5层/ [索取号:B821/280] 在馆    
2 490838   300490838   柳城-5楼/29架2列5层/ [索取号:B821/280] 在馆    
3 490839   300490839   柳城-5楼/29架2列5层/ [索取号:B821/280] 在馆